01011njm a2200277Ia 450000100060000000300090000600500170001500800410003204000130007304000130008604100130009910000180011210000180013010000380014824500190018625000110020526000120021626000570022830000170028530000290030250000340033150501700036565000540053570000820058970000620067136754IT-RoPAU20220918181143.0131025s9999 xx 000 0 und d aIT-RoPAU cIT-RoPAU aITALIANO aConcato Fabio eAutore musica gCodice autore musica SPICS: 16468 aSenza avvisare a1a ed. aHOLLAND bPHILIPSc1986 [1a Ed.:1986 - Ed. Lingua Orig.: 1986] aMUSICASSETTA c38 minuti (Testo: pag.) aCanzone italiana. Cantautore. aTanto per cambiare - Prendi luna - Il bel pianista - Camminiamo - Prima di cena - Tornando a casa - Ti muovi sempre - Per cominciare - Il viaggio - Rime per un sogno aCANTAUTORI [CASSETTE]eCodice MATERIA SPICS: 9951 aConcato FabioeAutore testo e musicagCodice autore testo/musica SPICS: 16468 aConcato FabiogCodice interprete SPICS: 16468eInterprete